| 000 | 00445nam a2200193Ia 4500 | ||
|---|---|---|---|
| 003 | 0100 | ||
| 008 | 130303s9999 xx 000 0 und d | ||
| 040 | _cARRUPELIB | ||
| 050 | _aBT25.K4 1972 | ||
| 100 | _aKelly, J.N.D | ||
| 245 | _aEarly christian creeds | ||
| 260 | _aNew York | ||
| 260 | _bDavid McKay Company | ||
| 260 | _C1972 | ||
| 300 | _a446p. | ||
| 300 | _b 23 cm. | ||
| 650 | _bAlgeria--Social conditions | ||
| 942 |
_2lcc _01 |
||
| 999 |
_c59229 _d59229 |
||